000 01117nam a2200289 i 4500
003 DO-SdBNP
005 20240424132019.0
006 a||||gr|||| 00| 0
007 ta
008 230626e2001 ny ||||| |||| 00| 0 eng d
040 _aDO-SdBNP
_bspa
_cBNPHU
_erda
041 _hspa
041 _heng
082 4 _222
_bR311d
245 0 0 _aRecuerdos de una inmigración = Memories of an immigration:
_btestimonios de niñas y niños inmigrantes dominicanos = testimonies of domincan inmigrant children /
_ccompiladora, Mary Ely Peña - Gratereaux ; edición y traducción, Juleyka Lantigua.
246 1 0 _aMemories of an immigration:
_btestimonies of domincan inmigrant children /
264 1 _aNew York :
_bAlcance,
_c2001
300 _a88 páginas ;
_c23 cm.
336 _2rdacontent
_atexto
_btxt
337 _2rdamedia
_asin mediación
_bn
338 _2rdacarrier
_avolumen
_bnc
546 _aLibro en idioma español e inglés
590 _aInventariado 2023 / MF
700 1 _aPeña-Gratereaux, Mary Ely,
_946390
_ecompiladora
700 1 _aLantigua, Juleyka,
_946391
_eedición y traducción
942 _2ddc
_cLBS1
999 _c53942
_d53942